000
00456nam a2200157Ia 4500
008
090711s9999 xx 000 0 und d
082
_b
25129
100
_a
गांगल वसंत
245
_a
शबरीSाी बोरे
260
_c
1972
600
_a
गांगल वसंत
630
_a
शबरीSाी बोरे
700
_a
गांगल वसंत
730
_a
शबरीSाी बोरे
942
_c
BOOK
999
_c
287669
_d
287669